[Event "Rewal op-B 18th"]
[Site "Rewal"]
[Date "2013.08.26"]
[Round "6"]
[White "Kwasniewski, Pawel"]
[Black "Prominski, Piotr"]
[Result "0-1"]
[WhiteElo "1536"]
[BlackElo "1796"]
[PlyCount "101"]
[EventDate "2013.08.20"]
[EventType "swiss"]
[EventRounds "9"]
[EventCountry "POL"]
[SourceTitle "CBM 156 Extra"]
[Source "ChessBase"]
[SourceDate "2013.10.22"]
[SourceVersion "1"]
[SourceVersionDate "2013.10.22"]
[SourceQuality "1"]

1. d4 d5 2. c4 e6 3. Nc3 Nf6 4. Bg5 Be7 5. Nf3 0-0 6. e3 h6 7. Bh4 Ne4 8. Bxe7 Qxe7 9. Bd3 Nxc3 10. bxc3 dxc4 11. Bxc4 c5 12. 0-0 b6 13. Re1 Bb7 14. Qe2 Nc6 15. Ba6 Bxa6 16. Qxa6 Rfd8 17. Qb5 Rac8 18. Rad1 cxd4 19. cxd4 Qa3 20. Qb3 Qxb3 21. axb3 Nb4 22. Rb1 Rc2 23. Rec1 Rdc8 24. Rxc2 Rxc2 25. Ne1 Ra2 26. Kf1 a6 27. Rc1 Rb2 28. Rc3 Kf8 29. e4 Ke8 30. Nf3 Rc2 31. Rxc2 Nxc2 32. Ke2 Nb4 33. Kd2 b5 34. Kc3 a5 35. Nd2 Kd7 36. Nb1 Kc6 37. Nd2 f6 38. Nf3 Kb6 39. Nh4 Kc6 40. Ng6 Kd6 41. Nf4 e5 42. Ne2 Nc6 43. d5 Nb4 44. Ng3 g6 45. h4 h5 46. Ne2 f5 47. f3 Kc5 48. g4 hxg4 49. exf5 gxf5 50. fxg4 Nxd5+ 51. Kc2 0-1

[Event "Rewal op-B 18th"]
[Site "Rewal"]
[Date "2013.08.24"]
[Round "5"]
[White "Prominski, Piotr"]
[Black "Sroka, Janusz"]
[Result "1/2-1/2"]
[WhiteElo "1796"]
[BlackElo "2095"]
[PlyCount "111"]
[EventDate "2013.08.20"]
[EventType "swiss"]
[EventRounds "9"]
[EventCountry "POL"]
[SourceTitle "CBM 156 Extra"]
[Source "ChessBase"]
[SourceDate "2013.10.22"]
[SourceVersion "1"]
[SourceVersionDate "2013.10.22"]
[SourceQuality "1"]

1. e4 e5 2. Nf3 d6 3. d4 exd4 4. Nxd4 Nf6 5. Nc3 Be7 6. Be2 0-0 7. 0-0 Re8 8. f4 Bf8 9. Bf3 c5 10. Nb3 Nc6 11. Kh1 a5 12. a4 Qb6 13. Be3 Nb4 14. Bf2 Be6 15. h3 Nxc2 16. Qxc2 Bxb3 17. Qd2 Rad8 18. g4 Qb4 19. Rfe1 d5 20. e5 Nd7 21. Bh4 Rb8 22. Bxd5 Bxd5+ 23. Qxd5 Nb6 24. Qf3 Nc4 25. Re2 Nb6 26. f5 c4 27. Nd5 Qc5 28. Nxb6 Qxb6 29. Rc1 Rbc8 30. Kh2 Qb4 31. Qd5 Rc5 32. Qd4 Rcxe5 33. Rxe5 Rxe5 34. Rxc4 Re2+ 35. Kg1 Qxb2 36. Qxb2 Rxb2 37. Rc8 f6 38. Bf2 b6 39. Rb8 Rb4 40. Rxb6 Rxa4 41. Rb8 Rc4 42. Ra8 a4 43. Bg3 Kf7 44. Ra7+ Ke8 45. Ra8+ Kf7 46. Ra7+ Kg8 47. Ra8 Rd4 48. Bf2 Rd1+ 49. Kg2 Rd2 50. Kf3 Kf7 51. Ra7+ Ke8 52. Ra8+ Kf7 53. Ra7+ Ke8 54. Ra8+ Kf7 55. Ra7+ Ke8 56. Ra8+ 1/2-1/2

[Event "POL-ch U18"]
[Site "Szczyrk"]
[Date "2013.??.??"]
[Round "2"]
[White "Zareba, Grzegorz"]
[Black "Prominski, Piotr"]
[Result "1-0"]
[WhiteElo "1968"]
[BlackElo "1834"]
[PlyCount "81"]
[EventDate "2013.03.17"]
[EventType "swiss"]
[EventRounds "9"]
[EventCountry "POL"]
[SourceTitle "CBM 153 Extra"]
[Source "ChessBase"]
[SourceDate "2013.04.22"]
[SourceVersion "1"]
[SourceVersionDate "2013.04.22"]
[SourceQuality "1"]

1. c4 e6 2. g3 d5 3. cxd5 exd5 4. Bg2 Nf6 5. Nf3 Be7 6. 0-0 0-0 7. d4 b6 8. Nc3 Bb7 9. Bf4 c5 10. Qb3 c4 11. Qc2 Nc6 12. Rad1 Nb4 13. Qb1 Re8 14. Rfe1 Nh5 15. a3 Nxf4 16. gxf4 Na6 17. Ne5 Nc7 18. Nxc4 Bd6 19. Nxd6 Qxd6 20. e3 Rad8 21. Ne2 g6 22. Rc1 Qe7 23. Ng3 Nb5 24. Qa2 h5 25. a4 Nc7 26. a5 h4 27. Ne2 Na6 28. axb6 axb6 29. Qb3 Nb4 30. Ra1 Bc6 31. Kh1 Bb5 32. Nc1 Bc4 33. Qc3 Bb5 34. Qb3 Rc8 35. Rg1 Rc2 36. Na2 Rxf2 37. Nxb4 Bc4 38. Qc3 h3 39. Bxh3 Qh4 40. Rg3 Be2 41. Qe1 1-0

[Event "Ostroda op 8th"]
[Site "Ostroda"]
[Date "2011.08.11"]
[Round "9"]
[White "Prominski, Piotr"]
[Black "Zielinski, Maciej"]
[Result "1/2-1/2"]
[WhiteElo "1783"]
[BlackElo "2060"]
[PlyCount "87"]
[EventDate "2011.08.04"]
[EventType "swiss"]
[EventRounds "9"]
[EventCountry "POL"]
[SourceTitle "CBM 143 Extra"]
[Source "ChessBase"]
[SourceDate "2011.08.29"]
[SourceVersion "1"]
[SourceVersionDate "2011.08.29"]
[SourceQuality "1"]

1. e4 e5 2. Nf3 Nc6 3. Bb5 a6 4. Bxc6 dxc6 5. 0-0 f6 6. d4 exd4 7. Nxd4 c5 8. Nb3 Qxd1 9. Rxd1 Bd7 10. Nc3 0-0-0 11. Bf4 g5 12. Bg3 Be6 13. Rxd8+ Kxd8 14. Rd1+ Kc8 15. Nd5 Bxd5 16. Rxd5 b6 17. Kf1 Ne7 18. Rd1 Nc6 19. c3 Bg7 20. f3 Re8 21. Na1 Ne7 22. Nc2 f5 23. exf5 Nxf5 24. Bf2 Kb7 25. Rd7 Kc6 26. Rf7 Rf8 27. Rxf8 Bxf8 28. Ne3 Nd6 29. Ke2 b5 30. Be1 Bg7 31. b3 Be5 32. g3 Kd7 33. c4 c6 34. Kd3 Ke6 35. Bc3 Nf7 36. Bxe5 Nxe5+ 37. Ke4 h5 38. f4 Nf7 39. h3 Nd6+ 40. Kf3 gxf4 41. Kxf4 Nf7 42. g4 hxg4 43. Nxg4 a5 44. h4 1/2-1/2

[Event "Warsaw Najdorf Memorial op-B"]
[Site "Warsaw"]
[Date "2011.07.18"]
[Round "5"]
[White "Jarmula, Lukasz"]
[Black "Prominski, Piotr"]
[Result "1-0"]
[WhiteElo "1964"]
[BlackElo "1783"]
[PlyCount "97"]
[EventDate "2011.07.14"]
[EventType "swiss"]
[EventRounds "9"]
[EventCountry "POL"]
[SourceTitle "EXT 2012"]
[Source "ChessBase"]
[SourceDate "2011.11.24"]
[SourceVersion "1"]
[SourceVersionDate "2011.11.24"]
[SourceQuality "1"]

1. e4 c5 2. Nf3 d6 3. d4 cxd4 4. Nxd4 Nf6 5. Nc3 a6 6. Be3 e5 7. Nb3 Be6 8. Qd2 Nbd7 9. 0-0-0 Be7 10. f4 exf4 11. Bxf4 Nc5 12. Kb1 0-0 13. h3 b5 14. Qe3 Qc7 15. g4 Rfe8 16. Rh2 b4 17. Nd5 Bxd5 18. exd5 Nfd7 19. Nd4 a5 20. Bb5 Bf8 21. Qg3 a4 22. Rf2 Ne5 23. Re1 b3 24. cxb3 axb3 25. Nxb3 Qa7 26. Nc1 Ncd3 27. Bxd3 Nxd3 28. Qxd3 Qxf2 29. Rf1 Qa7 30. a3 Reb8 31. Ka2 Be7 32. g5 Qa4 33. Nb3 Rb7 34. Nd4 Bf8 35. Nc6 Rb6 36. Be3 Rb7 37. Rf4 Qb5 38. Qxb5 Rxb5 39. Rd4 g6 40. b4 Bg7 41. Rd3 f5 42. gxf6 Bxf6 43. Bf4 Be5 44. Bxe5 dxe5 45. d6 e4 46. Rd1 e3 47. d7 e2 48. Re1 Rd5 49. Ne7+ 1-0

[Event "Miedzyzdroje op"]
[Site "Miedzyzdroje"]
[Date "2011.05.01"]
[Round "1"]
[White "Bronowicki, Mateusz"]
[Black "Prominski, Piotr"]
[Result "1-0"]
[WhiteElo "2324"]
[BlackElo "1773"]
[PlyCount "91"]
[EventDate "2011.05.01"]
[EventType "swiss"]
[EventRounds "9"]
[EventCountry "POL"]
[SourceTitle "CBM 142 Extra"]
[Source "ChessBase"]
[SourceDate "2011.06.27"]
[SourceVersion "1"]
[SourceVersionDate "2011.06.27"]
[SourceQuality "1"]

1. d4 Nf6 2. c4 e6 3. g3 Be7 4. Bg2 d5 5. Nc3 b6 6. Nf3 Bb7 7. Ne5 0-0 8. 0-0 Nbd7 9. cxd5 exd5 10. Nd3 c5 11. Nf4 cxd4 12. Qxd4 Bc5 13. Qd1 Re8 14. Nfxd5 Nxd5 15. Bxd5 Bxd5 16. Qxd5 Nf6 17. Qf3 h6 18. Bf4 Qe7 19. Rfd1 Rac8 20. a3 a5 21. Rd3 Ne4 22. Nxe4 Qxe4 23. Qxe4 Rxe4 24. Kf1 Rce8 25. e3 R4e6 26. Rad1 f6 27. Bd6 Bxd6 28. Rxd6 Kf7 29. h4 Rc8 30. Rd7+ Kg6 31. Rb7 Rec6 32. Rdd7 Rg8 33. Kg2 h5 34. Kf3 Re6 35. b4 axb4 36. axb4 Kh6 37. b5 Kg6 38. Re7 Rxe7 39. Rxe7 Rb8 40. Ke4 Rd8 41. Re6 Rb8 42. Rc6 Rb7 43. f3 Re7+ 44. Kf4 Rb7 45. e4 Rb8 46. e5 1-0

[Event "Lazy op-B 6th"]
[Site "Lazy"]
[Date "2010.07.01"]
[Round "6"]
[White "Borawski, Jakub"]
[Black "Prominski, Piotr"]
[Result "1-0"]
[WhiteElo "1815"]
[BlackElo "1795"]
[PlyCount "57"]
[EventDate "2010.06.27"]
[EventType "swiss"]
[EventRounds "9"]
[EventCountry "POL"]
[SourceTitle "EXT 2011"]
[Source "ChessBase"]
[SourceDate "2010.11.26"]
[SourceVersion "1"]
[SourceVersionDate "2010.11.26"]
[SourceQuality "1"]

1. e4 c5 2. Nf3 d6 3. d4 cxd4 4. Nxd4 Nf6 5. Nc3 g6 6. Be3 Bg7 7. f3 0-0 8. Qd2 Nc6 9. 0-0-0 Nxd4 10. Bxd4 Be6 11. Kb1 Qc7 12. h4 Rfc8 13. h5 Qa5 14. hxg6 hxg6 15. a3 Rab8 16. Bd3 Bc4 17. Bxc4 Rxc4 18. Qc1 b5 19. Nd5 Nxd5 20. Bxg7 Kxg7 21. Qh6+ Kf6 22. Rxd5 Ke6 23. Qh3+ Kf6 24. g4 e5 25. Rxd6+ Ke7 26. Rhd1 Qc7 27. Qh4+ Ke8 28. Qh8+ Ke7 29. Qxe5+ 1-0

[Event "Lazy op-B 6th"]
[Site "Lazy"]
[Date "2010.06.29"]
[Round "5"]
[White "Prominski, Piotr"]
[Black "Gabryjalowicz, Jakub"]
[Result "1-0"]
[WhiteElo "1795"]
[BlackElo "1780"]
[PlyCount "117"]
[EventDate "2010.06.27"]
[EventType "swiss"]
[EventRounds "9"]
[EventCountry "POL"]
[SourceTitle "EXT 2011"]
[Source "ChessBase"]
[SourceDate "2010.11.26"]
[SourceVersion "1"]
[SourceVersionDate "2010.11.26"]
[SourceQuality "1"]

1. e4 d5 2. exd5 Nf6 3. Bb5+ Bd7 4. Be2 Bc8 5. d4 Nxd5 6. Nf3 g6 7. 0-0 Bg7 8. c4 Nb6 9. Be3 0-0 10. Nc3 Nc6 11. Qd2 Bg4 12. b3 e5 13. d5 Ne7 14. Bh6 Bxh6 15. Qxh6 Bxf3 16. Bxf3 Nf5 17. Qh3 Nd4 18. Ne2 Nxf3+ 19. Qxf3 Nd7 20. Rfe1 f5 21. Ng3 Qf6 22. Qc3 h5 23. Ne2 f4 24. Nc1 Qg5 25. f3 Rae8 26. Nd3 e4 27. Rxe4 Rxe4 28. fxe4 f3 29. Qc2 Qe3+ 30. Nf2 Ne5 31. g3 Ng4 32. h3 Nxf2 33. Qxf2 Qxe4 34. Re1 Qf5 35. Kh2 g5 36. Re7 Rf7 37. Re8+ Kh7 38. Qb2 Rf6 39. Re7+ Kg6 40. Qf2 g4 41. h4 Qd3 42. Re5 Rf5 43. Re3 Qxe3 44. Qxe3 f2 45. Qe6+ Rf6 46. Qxf6+ Kxf6 47. Kg2 Ke5 48. Kxf2 Kd4 49. Ke2 b5 50. cxb5 Kxd5 51. Ke3 Kc5 52. Kf4 Kxb5 53. Kg5 c5 54. Kxh5 a5 55. Kxg4 a4 56. h5 Kb4 57. h6 axb3 58. axb3 Kxb3 59. h7 1-0

[Event "Kochan Memorial op-B 20th"]
[Site "Koszalin"]
[Date "2009.08.13"]
[Round "8"]
[White "Prominski, Piotr"]
[Black "Czuchnicki, Jan"]
[Result "0-1"]
[WhiteElo "1825"]
[BlackElo "1983"]
[PlyCount "86"]
[EventDate "2009.08.06"]
[EventType "swiss"]
[EventRounds "9"]
[EventCountry "POL"]
[SourceTitle "CBM 132 Extra"]
[Source "ChessBase"]
[SourceDate "2009.11.03"]
[SourceVersion "1"]
[SourceVersionDate "2009.11.03"]
[SourceQuality "1"]

1. e4 c5 2. Nf3 d6 3. d4 cxd4 4. Nxd4 Nf6 5. Nc3 a6 6. Bg5 e6 7. f4 Be7 8. Qf3 Qc7 9. 0-0-0 Nbd7 10. g4 h6 11. Bxf6 gxf6 12. Bg2 b5 13. e5 d5 14. Nxd5 exd5 15. Qxd5 Rb8 16. Nc6 Rb6 17. Nxe7 Kxe7 18. exf6+ Rxf6 19. Rhe1+ Kf8 20. Re4 Bb7 21. Qxd7 Qxd7 22. Rxd7 Bxe4 23. Bxe4 Rxf4 24. Rd8+ Kg7 25. Rxh8 Kxh8 26. Bf5 Kg7 27. Kd2 Rf2+ 28. Kc3 Rf4 29. Kd3 Kf6 30. b3 b4 31. Ke3 Ke5 32. h3 f6 33. Bd3 a5 34. Bf5 Rf1 35. Ke2 Rh1 36. Bc8 Rxh3 37. Kd2 Kd4 38. Bf5 Rh2+ 39. Ke1 Ke3 40. Kf1 Rf2+ 41. Kg1 h5 42. Be6 h4 43. Bf5 Kf3 0-1